000 00689nam a22002057a 4500
005 20260506101939.0
008 260506b |||||||| |||| 00| 0 eng d
020 _a9780323476522
082 _a615.58
_bBRO
245 _aBrody's Human Pharmacology:
_bmechanism-based therapeutics/
_cWecker, Lynn, editor.; Ingram, Susan L., editor.; Gitman, Marina, contributor.
250 _a6th.ed
260 _aPhiladelphia :
_b Elsevier ;
_c2019 .
300 _a714 p.
500 _aInclude Index.
650 _aMedical / Pharmacy / Pharmacology
700 _aWecker, Lynn, [editor].;
700 _aIngram, Susan L., [editor].;
700 _aGitman, Marina, [contributor].
999 _c37186
_d37186